[Event "Bhopal GM Open 2018"]
[Site "Bhopal"]
[Date "2018.12.21"]
[Round "1"]
[White "Tran, Tuan Minh"]
[Black "Adireddy Tarun"]
[Result "1-0"]
[WhiteElo "2524"]
[BlackElo "1553"]
[Annotator "TA"]
[PlyCount "117"]
[EventDate "2018.12.21"]
[EventType "swiss"]
[EventCountry "IND"]
[SourceTitle "playchess.com"]
[Source "ChessBase"]
[SourceQuality "1"]

{[%evp 12,116,0,10,29,25,61,38,60,63,80,52,84,75,116,87,96,87,83,83,97,93,106,114,128,130,131,121,131,107,110,112,125,128,126,105,109,96,95,51,80,80,81,31,118,109,97,110,203,199,208,201,203,201,215,179,382,387,565,562,566,569,550,541,501,456,491,475,436,406,582,593,556,492,864,870,29968,29968,29969,29970,29952,864,697,623,869,839,779,756,653,625,29980,29981,29982,29983,29984,29985,29991,29981,29995,29996,29996,29997,29997,29977,29998,29999,29999]} 1. d4 Nf6 2. c4 e6 3. Nf3 d5 4. Nc3 Bb4 5. e3 O-O 6. Bd2 Nbd7 7. Rc1 {LiveBook: 5 Games. E51: Nimzo-Indian: Rubinstein: 4...0-0 5 Nf3 d5} Bxc3 (7... Be7 8. Qc2 a6 9. c5 c6 10. Bd3 Qc7 11. Na4 e5 12. dxe5 Nxe5 13. Nxe5 Qxe5 14. O-O Ne4 {½-½ (60) Aleksandrov,A (2602)-Melkumyan,H (2660) Batumi 2018}) 8. Bxc3 Ne4 9. Bd3 {White is slightly better.} f5 10. O-O c6 11. Qc2 Kh8 $146 ({Predecessor:} 11... Rf6 12. Qe2 Rh6 13. Bxe4 fxe4 14. Nd2 Qh4 {½-½ (24) Janssen,L-Roensch,I Schwerin 1969}) 12. b4 Nd6 13. cxd5 exd5 14. b5 Nxb5 15. Bb4 {a4 is the strong threat.} Rf6 {[#]} 16. a4 $1 {[%cal Ra4b5]} ({Much weaker is} 16. Bxf5 a5 $11) 16... Nc7 17. Bxf5 Ne5 18. Nxe5 Bxf5 19. Qb2 Na6 20. Bc3 Qc7 21. f3 Nb8 22. g4 Bg6 23. Be1 {[%cal Bc3e1,Be1g3,Bg3e5][%mdl 32]} Nd7 24. Bg3 Qc8 25. h4 {[%cal Bh2h4,Bh4h5,Bh5h6,Bh6g7][%mdl 32]} Nxe5 26. Bxe5 Rf7 27. Qg2 {Threatens to win with e4.} Qf8 (27... Bd3 $14) 28. h5 $36 {[%mdl 2048] Black is under strong pressure.} Bd3 29. Rfd1 Bc4 (29... Qa3 $16 {keeps fighting.}) 30. h6 $1 $18 Kg8 31. hxg7 Qa3 32. Qf2 Qxa4 33. Kg2 Bb3 $2 (33... Qb4 34. Rh1 Bd3) 34. Rh1 {White threatens Rxh7! and mate.} Qa2 35. Qxa2 Bxa2 36. Rxh7 Kxh7 37. Rh1+ Kg6 38. Rh8 {[%mdl 64] [#] Trapped Piece} Rxg7 39. Rxa8 {[%mdl 4096] Endgame KRB-KRB} Rf7 40. Rxa7 Bc4 (40... Bb1 $142 41. Ra8 Re7) 41. f4 Be2 42. Kg3 Bd3 (42... Rh7 $142 43. Ra8 Kf7) 43. Ra8 Rh7 44. Rf8 Rf7 45. f5+ {[%mdl 64] X-Ray Attack} Bxf5 46. gxf5+ (46. Rxf7 $142 Kxf7 47. gxf5 Ke7 48. Kf4 b5 49. Bb8 b4 50. Ke5 Kd7 51. Bd6) 46... Rxf5 {KRB-KR} 47. Rg8+ Kh6 48. Kg4 Rf1 49. Bf4+ Kh7 50. Rb8 Rb1 51. Kf5 {White mates.} Kg7 52. Rc8 Kf7 53. Rc7+ Ke8 54. Bg5 Rb2 55. Ke6 {[%cal Rc7c8]} Kf8 56. Bf6 {[%cal Rc7c8]} Kg8 57. Rc8+ Kh7 58. Kf7 {[%csl Gf6][%cal Rc8h8]} Rf2 59. Rh8# {Accuracy: White = 78%, Black = 25%.} 1-0

[Event "Bhopal GM Open 2018"]
[Site "Bhopal"]
[Date "2018.12.21"]
[Round "1"]
[White "Deviatkin, Andrei"]
[Black "Mahi Amit Doshi"]
[Result "1-0"]
[WhiteElo "2464"]
[BlackElo "1551"]
[Annotator "TA"]
[PlyCount "125"]
[EventDate "2018.12.21"]
[EventType "swiss"]
[EventCountry "IND"]
[SourceTitle "playchess.com"]
[Source "ChessBase"]
[SourceQuality "1"]

{[%evp 10,125,52,31,73,8,37,2,27,37,64,64,56,71,87,78,94,104,181,199,204,199,200,222,214,169,162,160,172,171,196,180,180,142,170,160,163,164,176,168,175,176,176,177,183,179,189,170,207,159,308,310,309,289,306,290,826,832,777,673,767,290,281,271,255,0,263,257,240,258,310,313,536,438,664,655,612,405,1889,0,511,454,463,444,437,423,383,305,425,422,437,395,450,422,538,479,517,517,862,820,796,818,810,668,668,661,524,491,491,491,490,326,29968,29971,29966,12096,29975,29976]} 1. e4 c6 2. d3 d5 3. Nd2 dxe4 4. dxe4 Nf6 5. Ngf3 Bg4 6. h3 {LiveBook: 3 Games. B10: Caro-Kann: 2 d3 and 2 c4} (6. Bc4 e6 7. O-O Nbd7 8. h3 Bh5 9. Qe1 Bc5 10. a3 a5 11. b3 O-O 12. Bb2 Qc7 13. Bd3 e5 {½-½ (61) Savic,M (2541)-Gukesh,D (2433) Paracin 2018}) 6... Bh5 7. Qe2 (7. e5 $16 Nd5 8. c4) 7... e6 8. g3 {White is slightly better.} Bc5 $146 ({Predecessor:} 8... Nbd7 9. Bg2 Qc7 10. O-O Bc5 11. Kh1 O-O-O 12. Nb3 Bb6 13. a4 {1-0 (33) Safranska,A (2303)-Minet,S (2175) France 2007}) 9. Bg2 h6 10. O-O O-O 11. e5 $36 {[%mdl 2048] White has strong initiative.} Nd5 12. Ne4 $1 {[%cal Re4c5]} Bb6 13. c4 Ne7 (13... f5 $16) 14. Rd1 $1 $18 {[%cal Rd1d8]} Nd7 {[#]} 15. Bxh6 $1 {[%mdl 512]} Qc7 (15... gxh6 16. Rxd7) 16. g4 Bg6 {aiming for ...Bxe4.} 17. Bf4 Bxe4 18. Qxe4 Nc5 19. Qe2 {b4 is the strong threat.} Ng6 20. Bg3 a5 21. Kh2 Rfd8 22. h4 {[%cal Bh3h4,Bh4h5][%mdl 32]} Rxd1 23. Rxd1 Rd8 24. h5 Nf8 25. Rxd8 Qxd8 26. Bf1 $1 Nfd7 27. Kg2 Bc7 28. Qe3 Qb8 29. g5 Kh7 (29... Bb6 $16 {was worth a try.} 30. b3 Qe8) 30. Bd3+ Kg8 31. Bc2 Qe8 32. g6 b6 $2 (32... Bd8 33. Ng5 Bxg5 34. Qxg5 Nf8 35. gxf7+ Qxf7) 33. Ng5 fxg6 34. Bxg6 Qe7 {[#]} 35. f4 $2 (35. h6 $1 {[%mdl 512]} gxh6 36. Nf7) 35... Nf8 36. Bf7+ Kh8 37. Bg6 $2 (37. b3 $18) 37... Qd7 $2 {[%mdl 8192]} (37... Kg8 $1 $11 {and Black stays safe.} 38. Bc2 Qe8) 38. Bc2 Bd8 39. Bf2 Bxg5 40. fxg5 {[%cal Bf4g5,Bg5g6][%mdl 32]} Qf7 $2 (40... Kg8 41. h6 Qf7) 41. g6 Qe7 (41... Qe8 $142 42. h6 Kg8 43. hxg7 Kxg7) 42. Qf4 Kg8 43. Bh4 Qd7 (43... Qe8 $142 44. Bf6 Ncd7) 44. Bf2 (44. h6 $142 {h7+ would kill now.} Nd3 {[#]} 45. Qxf8+ $3 {[%mdl 576] Remove Defender, Deflection} Kxf8 46. h7 Nf4+ 47. Kg3 Nh5+ 48. Kf3 Nf6 49. exf6) 44... Qe7 45. b3 Nfd7 46. Bh4 Qf8 47. Qxf8+ Kxf8 {[%mdl 4096] Endgame KBB-KNN} 48. Bg3 b5 49. cxb5 cxb5 50. Kf3 Nb8 51. Bf2 Ncd7 52. Ke4 Nc6 53. Bd3 b4 (53... Ncxe5 $142 54. Bxb5 Ng4) 54. Bb5 Ndxe5 55. Bc5+ Kg8 56. Bd6 Na7 57. Be8 Ng4 {next ...Nf6+ is good for Black.} 58. Bf7+ Kh8 59. Bxe6 Nf6+ 60. Kd4 {Strongly threatening Kc4.} Nxh5 $2 (60... Nb5+ $18 61. Ke5 Nxd6) 61. Kc5 Nf6 62. Bf5 Ne8 63. Bb8 {Accuracy: White = 75%, Black = 30%.} 1-0

[Event "Bhopal GM Open 2018"]
[Site "Bhopal"]
[Date "2018.12.21"]
[Round "1"]
[White "Vignesh N R"]
[Black "Abhiram Pramod K"]
[Result "1-0"]
[WhiteElo "2455"]
[BlackElo "1549"]
[Annotator "TA"]
[PlyCount "97"]
[EventDate "2018.12.21"]
[EventType "swiss"]
[EventCountry "IND"]
[SourceTitle "playchess.com"]
[Source "ChessBase"]
[SourceQuality "1"]

{[%evp 19,96,54,63,64,75,62,67,56,77,82,119,92,106,107,120,104,99,96,107,107,107,107,107,107,107,107,126,119,124,108,117,110,131,122,131,0,141,78,85,72,186,189,195,199,193,193,332,328,29984,29985,2615,1198,986,1150,878,817,5381,1823,986,936,1823,1823,1816,1810,1451,1767,1721,1518,1703,1698,1669,1470,1212,1010,29996,29997,29997,29998,29999]} 1. Nf3 Nf6 2. c4 d6 3. d4 g6 4. g3 Bg7 5. Bg2 O-O 6. Nc3 Nbd7 7. O-O e5 8. e4 h6 9. Re1 c6 10. h3 Qe7 {LiveBook: 3 Games} 11. b3 {E69: King's Indian: Fianchetto: 6...Nbd7 7 0-0 e5 8 e4 c6 9 h3} (11. Be3 Ne8 12. Qd2 Kh7 13. Rad1 a6 14. b4 a5 15. b5 exd4 16. Nxd4 Ne5 17. Qe2 Be6 18. Nxe6 Qxe6 19. bxc6 bxc6 20. c5 Nc4 {½-½ (60) Benko,P (2408)-Olafsson,F (2440) Reykjavik 2008}) 11... Rd8 12. Ba3 Ne8 13. Qd2 {White is slightly better.} Qf6 $146 {[%cal Re5d4]} ({Predecessor:} 13... a6 14. Rac1 Kh7 15. Kh2 b5 16. dxe5 Nxe5 17. Nxe5 dxe5 18. Bxe7 Rxd2 {1-0 (42) Stahlberg,G-Abramsson,L Stockholm 1963}) 14. Rad1 b6 15. dxe5 dxe5 16. Re3 Nc7 17. Rd3 {Hoping for Rd6.} Ne6 18. Qe3 Ndf8 19. Rxd8 Nxd8 20. Bd6 Nd7 21. Nxe5 $1 {[%mdl 64] Deflection} Nxe5 22. Bxe5 Qxe5 23. Rxd8+ Kh7 24. Ne2 Bf6 25. Rd2 $36 {[%mdl 2048] White is in control.} Be6 26. f4 Qa5 27. e5 (27. Kh2 $16) 27... Rd8 (27... Be7 $1 $11) 28. Nc3 ({White should try} 28. Rxd8 $1 Bxd8 29. Nd4 (29. Bxc6 Bxh3 30. Nc3 Be7 $14)) 28... Rxd2 $16 29. Qxd2 Qc5+ {[#]} (29... Be7 $16) 30. Kh2 $1 $18 Be7 {[#]} 31. Ne4 $1 {[%cal Re4c5]} Qa3 32. Nd6 c5 {[#]} (32... b5 {was worth a try.} 33. cxb5 (33. Bxc6 bxc4 34. bxc4 f6 $16) 33... cxb5 34. Nxb5 Qc5) 33. Nxf7 $1 {[%mdl 512]} a6 $2 {[#]} (33... Qa5 $18 34. Qxa5 bxa5) (33... Bxf7 34. Qd7) 34. f5 $1 Bxf7 (34... Bxf5 35. Qxh6+) 35. Qd7 (35. f6 $142 h5 36. fxe7) 35... gxf5 36. Qxe7 Kg8 37. e6 Bh5 38. Qd8+ (38. Qh4 $142 Qb2 39. Qxh5 {[%mdl 64] Double Attack}) 38... Kh7 39. e7 Qxa2 40. e8=Q Bxe8 41. Qe7+ Kh8 42. Qxe8+ Kg7 43. Qd7+ Kh8 44. Qxf5 Kg7 45. Qd7+ Kg8 46. h4 {White threatens Kh3 and mate.} Qxb3 47. Bd5+ {White mates.} Kh8 48. Qe8+ Kh7 49. Qg8# {Accuracy: White = 62%, Black = 31%.} 1-0

[Event "Bhopal GM Open 2018"]
[Site "Bhopal"]
[Date "2018.12.21"]
[Round "1"]
[White "Shyaamnikhil P"]
[Black "Prerak Darvekar"]
[Result "1-0"]
[WhiteElo "2448"]
[BlackElo "1549"]
[Annotator "TA"]
[PlyCount "85"]
[EventDate "2018.12.21"]
[EventType "swiss"]
[EventCountry "IND"]
[SourceTitle "playchess.com"]
[Source "ChessBase"]
[SourceQuality "1"]

{[%evp 9,84,24,61,58,62,56,82,19,85,44,53,49,54,49,54,54,80,63,66,60,58,62,76,35,121,108,106,87,106,105,126,129,243,244,379,361,472,362,523,502,891,894,866,867,1070,835,842,843,837,840,825,831,862,806,813,812,1078,1043,29982,29983,29982,29983,29983,29983,29987,29988,29987,29987,29994,29995,29996,29997,29997,29998,29998,29999,29999]} 1. Nf3 Nf6 2. g3 b5 3. d3 d5 4. Bg2 Bb7 5. O-O g6 $146 ({Predecessor:} 5... Nbd7 6. Nbd2 e5 7. Re1 h6 8. e4 dxe4 9. Nxe4 Nxe4 10. dxe4 Bc5 11. Qe2 {0-1 (27) Ganguly,S (2650)-Adly,A (2637) Riadh 2017}) 6. Nd4 {A05: Réti Opening: 1 Nf3 Nf6} a6 7. Nb3 e6 8. Be3 (8. Na5 $16 Bc8 9. e4) 8... Nc6 (8... Nbd7 $11 {keeps the balance.}) 9. Bc5 Be7 10. N1d2 O-O 11. e4 Re8 12. Re1 a5 13. Bxe7 Nxe7 14. Nc5 Bc6 15. e5 Nd7 16. Ndb3 Nf5 ({Black should try} 16... d4 $14) 17. Nxd7 $16 Bxd7 18. Nc5 Bc6 19. d4 h5 20. h4 f6 (20... Qe7 $16 21. Bh3 Nh6) 21. Qd2 fxe5 (21... b4 $142 22. Bh3 Qe7 23. Bxf5 exf5) 22. Rxe5 $18 Ng7 23. Rae1 Qf6 (23... Kh7 {was necessary.} 24. Qd3 Qf6) 24. Bh3 Nf5 (24... Rad8 $142 25. Nxe6 Bd7 26. Nxd8 Rxd8 27. Bxd7 Rxd7 28. Qxa5 Rf7) 25. Bxf5 exf5 26. Re6 Qf7 27. Rxc6 f4 28. Rxe8+ Rxe8 29. Qxf4 Qxf4 30. gxf4 {[%mdl 4096] Endgame KRN-KR} Kf7 31. Nd3 Re4 32. c3 Re2 33. Ne5+ Ke8 34. Re6+ {White mates.} Kd8 35. Nf7+ {[%mdl 64] [#] Discovered Attack} Kc8 36. Rxe2 b4 37. cxb4 axb4 38. Re7 c5 39. dxc5 d4 40. Nd6+ Kd8 41. Rf7 d3 42. c6 {[%csl Gc6][%cal Rf7d7]} d2 43. Rd7# {Accuracy: White = 61%, Black = 35%.} 1-0

[Event "Bhopal GM Open 2018"]
[Site "Bhopal"]
[Date "2018.12.21"]
[Round "1"]
[White "Laxman, R.R."]
[Black "Kishore V"]
[Result "1-0"]
[WhiteElo "2436"]
[BlackElo "1694"]
[Annotator "TA"]
[PlyCount "79"]
[EventDate "2018.12.21"]
[EventType "swiss"]
[EventCountry "IND"]
[SourceTitle "playchess.com"]
[Source "ChessBase"]
[SourceQuality "1"]

{[%evp 14,79,48,6,79,8,21,20,50,36,93,108,102,87,118,96,122,120,152,147,144,136,135,136,137,112,137,143,153,150,154,152,147,144,186,189,184,174,189,204,193,179,193,187,216,216,215,224,410,403,418,408,403,397,391,289,281,261,709,710,710,710,708,708,692,681,1059,701]} 1. d4 Nf6 2. Nf3 g6 3. c4 Bg7 4. Nc3 O-O 5. Bg5 d6 6. e3 c6 7. Be2 Nbd7 8. O-O {LiveBook: 115 Games} Qe8 {E61: King's Indian: Early deviations for White, including Smyslov System} (8... h6 $11 9. Bh4 g5) 9. d5 $146 ({White should play} 9. e4 $16) ({Predecessor:} 9. Qc2 e5 10. Rfd1 h6 11. Bh4 Qe7 12. b4 Re8 13. b5 e4 14. Nd2 g5 15. Bg3 Nf8 16. bxc6 bxc6 {1-0 (62) Pushkov,N (2482)-Runic,Z (2418) Belgrade 2006}) 9... Nc5 10. Bh4 Bf5 {The position is equal.} 11. Nd4 h6 ({Better is} 11... Bd7 $14) 12. Nxf5 $16 gxf5 13. Qc2 Qd7 14. Rad1 a5 15. f3 e5 16. e4 f4 17. Bf2 Qe7 18. b3 Rfd8 19. a3 {[%cal Ba2a3,Ba3b4][%mdl 32]} Nfd7 20. b4 axb4 21. axb4 Na6 {[#]} 22. dxc6 $1 bxc6 23. Rb1 Rdb8 24. b5 $36 {[%mdl 2048] Black is under strong pressure.} cxb5 25. Nd5 {[%cal Bc3d5,Bd5b4,Bb4c6][%mdl 32]} ({Resist} 25. Rxb5 $6 Nac5 $16) 25... Qd8 26. cxb5 Nac5 27. Rfd1 Bf8 28. Bc4 Qa5 29. Nb4 Qa4 30. Qe2 Rc8 $2 (30... Nb6 31. Ba2 Rb7) 31. Bd5 $18 Rab8 32. Nc6 Ra8 33. Qb2 Qa3 34. b6 {[%cal Bb5b6,Bb6b7][%mdl 32]} Qxb2 35. Rxb2 Nb7 $2 {[#]} (35... Na4) 36. Ne7+ $1 {[%mdl 576] Discovered Attack. White is clearly winning.} Bxe7 37. Bxb7 Rab8 38. Bxc8 Rxc8 39. b7 Rf8 40. Ba7 {Accuracy: White = 77%, Black = 22%.} 1-0

[Event "Bhopal GM Open 2018"]
[Site "Bhopal"]
[Date "2018.12.21"]
[Round "1"]
[White "Tiwari Shivansh"]
[Black "Aleksandrov, Aleksej"]
[Result "0-1"]
[WhiteElo "1554"]
[BlackElo "2590"]
[Annotator "TA"]
[PlyCount "68"]
[EventDate "2018.12.21"]
[EventType "swiss"]
[EventCountry "IND"]
[SourceTitle "playchess.com"]
[Source "ChessBase"]
[SourceQuality "1"]

{[%evp 11,68,-6,-10,-32,-12,-83,-73,-91,-97,-104,-66,-58,-68,-55,-55,-78,-79,-122,-116,-245,-249,-242,-243,-245,-247,-239,-181,-147,-159,-151,-178,-182,-180,-172,-172,-175,-175,-166,-181,-230,-251,-235,-229,-231,-205,-272,-270,-246,-262,-253,-259,-624,-622,-839,-697,-1238,-1238,-1302,-1179]} 1. d4 d5 2. Bf4 Nf6 3. e3 e6 4. Nf3 c5 5. c3 Bd6 6. Bg3 {D02: 1 d4 d5 2 Nf3 sidelines, including 2...Nf6 3 g3 and 2...Nf6 3 Bf4} Qc7 {LiveBook: 10 Games} (6... O-O 7. Nbd2 Qc7 8. Bd3 Nbd7 9. e4 cxd4 10. cxd4 dxe4 11. Nxe4 Nxe4 12. Bxe4 Nf6 13. Bd3 Qa5+ 14. Ke2 Rd8 15. Bh4 Bd7 16. Bxf6 gxf6 {0-1 (38) So,W (2815)-Carlsen,M (2832) chess.com INT 2017}) 7. Ne5 Ne4 8. Qg4 $146 (8. Bb5+ $11 Nc6 9. Nf3) ({Predecessor:} 8. f4 Nc6 9. Nd2 Nxg3 10. hxg3 b6 11. Bd3 Bb7 12. Rxh7 Rxh7 13. Bxh7 {0-1 (42) Lenz,J (947)-Basson,H (1255) LSS email 2014}) 8... O-O $17 9. Bd3 f5 10. Qe2 Nxg3 11. hxg3 Bxe5 12. dxe5 Qxe5 13. Qh5 h6 14. Nd2 Nd7 15. g4 (15. Nf3 $17 {might work better.} Qf6 16. O-O-O) 15... Nf6 $1 $19 {[%cal Rf6h5]} 16. Nf3 Qc7 ({Weaker is} 16... Nxh5 17. Nxe5 Nf6 18. gxf5 $11) 17. Qg6 Nxg4 ({Don't take} 17... fxg4 18. Rxh6 gxf3 19. gxf3) 18. Rh4 {White hopes to continue with Rxg4.} Bd7 19. Rxg4 fxg4 20. Qh7+ Kf7 {[%cal Bg8f7,Bf7e7,Be7d8,Bd8c8][%mdl 32]} 21. Qg6+ Ke7 22. Qxg7+ Rf7 $1 {[%cal Rf7g7]} 23. Qxg4 {[#]} Raf8 $1 24. O-O-O {[#]} Kd8 $1 25. Rh1 e5 {[%cal Be6e5,Be5d4,Bd4d3][%mdl 32]} 26. Qh4+ Kc8 27. e4 c4 28. Bc2 {[#]} d4 $1 29. cxd4 exd4 30. Qxh6 d3 31. e5 $2 (31. Bd1) 31... Bf5 {Black is clearly winning.} 32. Ba4 {intending e6.} Qa5 33. e6 Qxa4 {[%csl Gd3,Gf5][%cal Ra4c2]} 34. Nd4 c3 {Accuracy: White = 42%, Black = 75%.} 0-1

[Event "Bhopal GM Open 2018"]
[Site "Bhopal"]
[Date "2018.12.21"]
[Round "1"]
[White "Bajaj Prakhar"]
[Black "Movsziszian, Karen"]
[Result "0-1"]
[WhiteElo "1551"]
[BlackElo "2505"]
[Annotator "TA"]
[PlyCount "51"]
[EventDate "2018.12.21"]
[EventType "swiss"]
[EventCountry "IND"]
[SourceTitle "playchess.com"]
[Source "ChessBase"]
[SourceQuality "1"]

{[%evp 14,51,74,63,78,76,93,61,83,15,8,-69,-11,-131,-115,-150,-126,-166,-166,-173,-166,-145,-170,-199,-197,-311,-231,-252,47,-317,-266,-268,-265,-328,-331,-308,-330,-412,-299,-343]} 1. d4 Nf6 2. Nf3 c5 3. e3 g6 4. c4 Bg7 5. Nc3 O-O 6. Bd3 d6 7. O-O b6 8. d5 {LiveBook: 4 Games} e5 {A31: Symmetrical English: 2 Nf3 Nf6 3 d4} (8... e6 9. h3 exd5 10. cxd5 Re8 11. Re1 a6 12. a4 Ra7 13. e4 Rae7 14. Bf4 Qc7 15. Bh2 c4 16. Bc2 {1-0 (69) Matamoros Franco,C (2494)-Munoz,L (2434) Batumi 2018}) 9. e4 Ne8 $146 ({Predecessor:} 9... Nh5 10. a3 Nf4 11. b4 Nd7 12. Nb5 Qe7 13. Be3 a6 14. Nc3 Nxd3 15. Qxd3 f5 16. bxc5 Nxc5 17. Bxc5 bxc5 {0-1 (37) Tornel Gomez,M-Lopez Colon,F (2236) Maspalomas 2000}) 10. Ne1 f5 {White is slightly better.} 11. f4 (11. exf5 $16 gxf5 12. f3) 11... exf4 12. Bxf4 (12. exf5 $11 Bxf5 13. Bxf4) 12... fxe4 ({Better is} 12... Bd4+ $15 13. Kh1 Bxc3 14. bxc3 fxe4) 13. Bxe4 (13. Nxe4 $11 Bd4+ 14. Kh1) 13... Bd4+ $17 14. Kh1 {[#]} g5 $1 15. Qh5 {[%csl Ge4][%cal Rh5h7]} Qe7 16. Bxh7+ Qxh7 17. Qxg5+ Qg7 {Threatens to win with ...Qxg5.} 18. Qxg7+ Bxg7 19. Nd3 (19. Rc1 {was necessary.}) 19... Bf5 20. Nf2 Nc6 $2 {[#]} (20... Nd7 $19 {White must now prevent ...Bxc3.} 21. Rae1 a6) 21. Rae1 $2 {[%mdl 8192]} (21. dxc6 $14 {was forced to keep a grip.} Be6 22. Nfd1) 21... Ne5 22. Bxe5 Bxe5 23. h3 Nf6 24. g4 Bh7 25. Nb5 Rae8 26. Kg2 {Precision: White =  5%, Black = 37%.} 0-1

[Event "Bhopal GM Open 2018"]
[Site "Bhopal"]
[Date "2018.12.21"]
[Round "1"]
[White "Gautam Kataria"]
[Black "Khusenkhojaev, Muhammad"]
[Result "0-1"]
[WhiteElo "1550"]
[BlackElo "2455"]
[Annotator "TA"]
[PlyCount "135"]
[EventDate "2018.12.21"]
[EventType "swiss"]
[EventCountry "IND"]
[SourceTitle "playchess.com"]
[Source "ChessBase"]
[SourceQuality "1"]

{[%evp 25,135,29,33,15,16,9,25,0,0,-22,0,0,45,0,16,-27,54,37,38,40,54,-19,-19,-31,-20,-85,-33,-18,-24,-67,-63,-63,-62,-120,0,0,-8,-69,9,-85,-85,-77,-73,-64,-74,-108,-132,-149,-119,-125,-86,-92,-52,-47,-50,-74,-54,-50,-43,-103,-95,-101,-101,-101,-88,-102,-78,-158,-151,-155,-141,-190,-172,-208,-131,-120,-143,-111,-97,-141,-39,-254,-241,-253,-237,-228,-175,-232,-240,-836,-822,-879,-879,-29958,-29959,-29968,-29968,-29976,-29977,-29976,-29974,-29979,-29980,-29981,-29979,-29981,-29982,-29983,-29984,-29988,-29986,-29987]} 1. d4 Nf6 2. c4 g6 3. Nc3 d5 4. cxd5 Nxd5 5. e4 Nxc3 6. bxc3 Bg7 7. Bc4 c5 8. Ne2 Nc6 9. Be3 O-O 10. O-O Bg4 11. f3 Bd7 12. Qd2 {D87: Exchange Grünfeld: Classical Line: Variations without ...cxd4} (12. Rb1 Qc7 13. h4 cxd4 14. cxd4 Nxd4 15. Bxf7+ Rxf7 16. Nxd4 Rd8 17. Qb3 Qg3 18. Ne2 Qxh4 19. Bf2 Qf6 20. Rfd1 b6 {½-½ (119) Karjakin,S (2773)-Vachier Lagrave,M (2779) Saint Louis 2018}) 12... Qc7 13. Rac1 Rfd8 {LiveBook: 3 Games} 14. Rfd1 {White is slightly better.} Na5 15. Bd3 Ba4 16. Rf1 e6 $146 ({Predecessor:} 16... Rac8 17. f4 e6 18. f5 exf5 19. exf5 Nc6 20. f6 Bf8 21. Rf3 cxd4 22. cxd4 {0-1 (30) Hauroo,H (2114)-Isetta,A (1907) Issy les Moulineaux 2010}) 17. Kh1 b6 18. Bh6 Bh8 19. f4 f5 20. d5 c4 (20... Bc6 $11) 21. Bb1 fxe4 22. Bxe4 {And now f5 would win.} Bc6 {[%cal Rc6d5]} 23. Qe3 (23. Bg5 $14) 23... Bxd5 $11 24. Bxd5 Rxd5 25. Qxe6+ Qf7 26. Qg4 $1 Qd7 27. Qxd7 Rxd7 28. f5 Re8 29. Ng3 (29. Rc2 $15) 29... Rd3 (29... Nb7 $1 $17 30. fxg6 hxg6) 30. f6 {[%cal Rf6f7]} Kf7 31. Bg5 (31. Rf4 $1 $11 Rde3 32. Kg1) 31... Re5 (31... Nb7 $15) 32. Bf4 (32. Rce1 $1 $11 {remains equal.} Rxe1 33. Rxe1) 32... Re6 $36 {[%mdl 2048] Black is on the roll.} 33. Bg5 Bxf6 34. Ne4 Rxe4 35. Rxf6+ Ke8 36. h3 Rd5 37. Bh6 Kd7 38. Rcf1 Nc6 39. Rf7+ Re7 40. R7f4 $1 Ne5 41. Bf8 Re6 42. Bg7 {[#]} ({White should play} 42. Rh4 $15) 42... b5 $1 43. a4 a6 44. axb5 axb5 45. Rb1 Re7 46. Bf8 (46. Bf6 $142) 46... Rf7 47. Rxf7+ Nxf7 {[%mdl 4096] Endgame KRB-KRN} 48. Ra1 Ng5 49. Re1 Kc6 50. h4 Nf7 51. Re6+ Nd6 52. Kg1 Rd3 ({Better is} 52... Kd7 $17 53. Re7+ Kc6) 53. Bg7 $2 (53. Kf2 $15) 53... Kd7 $19 54. Re2 Nf5 55. Bf6 Rd6 56. Bg5 {[#]} (56. Be5 $142 Rd3 57. Kf2) 56... h6 $1 {[%cal Bh7h6,Bh6g5][%mdl 32]} 57. g4 $2 (57. Bf4 Rd3 58. Rd2) 57... hxg5 58. gxf5 gxh4 59. fxg6 Rxg6+ {KR-KR. Black mates.} 60. Kf1 Rg3 61. Rh2 Rxc3 62. Rxh4 Kc6 63. Rh5 Rd3 64. Ke2 Rd5 65. Rh1 b4 66. Ke3 c3 67. Rg1 Kb5 68. Rh1 {Accuracy: White = 30%, Black = 64%.} 0-1